000 00677nam a2200241Ia 4500
003 OSt
005 20220928133015.0
006 a|||||r|||| 00| 0
007 ta
008 220927b |||||||| |||| 00| 0 eng d
024 _a68152
037 _cTextual
040 _aSDCL
_cSDCL
_beng
041 _2eng
_aeng
082 _aQ127:4x1,1, P6.1-.2
100 _aThite Ganesh Umakant
_9484009
245 0 _aKatyana-Srautasutra.2V.
260 _aDelhi
_bNew Bharatiya Book Corporation
_c2006
490 _vV1(546p)
650 _aKatyana -Srautasutra
_9484010
942 _hQ127:4x1,1, P6.1-.2
_cTEXL
_2CC
999 _c797280
_d797280